<?xml version='1.0' encoding='UTF-8'?>
  <record xmlns="http://www.loc.gov/MARC21/slim">
    <leader>00000cam a22000007i 4500</leader>
    <controlfield tag="001">ocm66861312</controlfield>
    <controlfield tag="003">OCoLC</controlfield>
    <controlfield tag="005">20250912151124.2</controlfield>
    <controlfield tag="008">031214s1594    gw            000 0 ger d</controlfield>
    <datafield tag="040" ind1=" " ind2=" ">
      <subfield code="a">NLGGC</subfield>
      <subfield code="b">dut</subfield>
      <subfield code="e">fobidrtb</subfield>
      <subfield code="c">NLGGC</subfield>
    </datafield>
    <datafield tag="029" ind1="0" ind2=" ">
      <subfield code="a">NLGGC</subfield>
      <subfield code="b">257943471</subfield>
    </datafield>
    <datafield tag="035" ind1=" " ind2=" ">
      <subfield code="a">(OCoLC)66861312</subfield>
    </datafield>
    <datafield tag="245" ind1="0" ind2="0">
      <subfield code="a">Eigentlicher, warhafftiger und kurtzer Bericht, etlicher gewisser Newer zeitungen, was sich in Italien, Hispanien, Franckreich, Engellandt, in ober und nider Ungern, Böhmen, Crabaten, Kränten, Hollandt, Seelandt, Brabandt, Friesslandt, Hoch und Nider Teutschlandt, zugetragen unnd begeben hatt, dise verlauffene sechs Monat, von dem Martii ahn, biss in disen Monat September, in disem jetzt lauffenden M. D. XCIII :</subfield>
      <subfield code="b">item, was zwischen Käys. May. Kriegsvolck und dem Erbfeind dem Türcken in Ober und Nider Ungern fürgelauffen ist ... dabey auch die gantze Handlung mit der weitberhümpten Stat Gröningen.</subfield>
    </datafield>
    <datafield tag="260" ind1=" " ind2=" ">
      <subfield code="a">Gedruckt zu Cölln :</subfield>
      <subfield code="b">bey Wilhelm Lützenkirchen,</subfield>
      <subfield code="c">1594.</subfield>
    </datafield>
    <datafield tag="300" ind1=" " ind2=" ">
      <subfield code="c">20 cm.</subfield>
    </datafield>
    <datafield tag="336" ind1=" " ind2=" ">
      <subfield code="a">tekst</subfield>
      <subfield code="b">txt</subfield>
      <subfield code="2">rdacontent/dut</subfield>
    </datafield>
    <datafield tag="337" ind1=" " ind2=" ">
      <subfield code="a">zonder medium</subfield>
      <subfield code="b">n</subfield>
      <subfield code="2">rdamedia/dut</subfield>
    </datafield>
    <datafield tag="338" ind1=" " ind2=" ">
      <subfield code="a">band</subfield>
      <subfield code="b">nc</subfield>
      <subfield code="2">rdacarrier/dut</subfield>
    </datafield>
    <datafield tag="510" ind1="0" ind2=" ">
      <subfield code="a">Van Someren 171</subfield>
    </datafield>
    <datafield tag="936" ind1=" " ind2=" ">
      <subfield code="a">BATCHLOAD</subfield>
    </datafield>
  </record>